01228nam a2200157Ia 4500008004100000020001800041050002200059100004400081245006600125250001800191260003800209300002300247505073600270650003301006650003101039120625s2008 mx 001 0 spa d a9789701066300 4aHF5651 bR35 20081 aRamírez Padilla, David Noele , autor10aContabilidad administrativa c / David Noel Ramírez Padilla a8a. edición aMéxicob : McGraw Hillc , 2008 axv, 607 páginas 0 aEl papel de la información contable en la administración de las empresas competitivas Conceptos, clasificaciones y comportamiento de los costos Sistemas de información administrativa contemporáneos Filosofías administrativas contemporáneas El modelo o relación costo-volúmen-utilidad Sistema de Costeo La planeación y el presupuesto maestro El papel de la información administrativa en la toma de decisiones a corto plazo El papel de la información financiera en la evaluación de proyectos de inversión La descentralización y evaluación del desempeño Empresas de servicios Contabilidad estratégica La responsabilidad social de la empresa La descentralización y la evaluación del desempeño 4aINFORMACIÓN ADMINISTRATIVA 4aCONTABILIDAD ESTRATÉGICA